000 00552nam a22001217a 4500
040 _cRUA
082 _aLMA HON 2025 B701 Or.1
100 _aHONG SACHAK, ហុង សច្ចៈ
245 _aStudy of the land market in siemreab commune, kandal stung district, kandal province, សិក្សាអំពីទីផ្សារដីធ្លីនៅ ឃុំសៀមរាប ស្រុកកណ្ដាលស្ទឹង ខេត្តកណ្ដាល
260 _aPHNOM PENH
_bRUA
_c2025
300 _ax,51p.
_bill.
_c29cm.
942 _cLMA
999 _c25795
_d25795